000 01436cam a2200133 4500500
005 20260405041737.0
041 _afre
042 _adc
100 1 0 _aEstivalezes, Mireille
_eauthor
245 0 0 _aLes religions dans l'enseignement laïque
260 _bPresses Universitaires de France,
_c2005.
520 _aAu terme de cette analyse extrêmement développée et très claire, on peut se demander de quelle façon le fait religieux est globalement appréhendé dans les programmes et les manuels et quelles sont les permanences et les évolutions dans ce traitement depuis une trentaine d’années. Deux constats s’imposent: les manuels sont loin de refléter les programmes, le livre scolaire favorise l’étanchéité des disciplines. D’autre part très peu de liens sont établis entre les religions étudiées, ainsi le christianisme est détaché du judaïsme et de l’islam, alors qu’ils sont nés dans la même région du monde. Les religions lorsqu’elles sont abordées, le sont dans un contexte historique et très peu présentes dans l’histoire contemporaine. Faut-il y voir l’expression d’un affrontement entre une mémoire qui sacralise et une histoire qui laïcise ? Le comparatisme est le grand perdant de cette présentation scolaire du fait religieux.
856 4 1 _uhttps://shs.cairn.info/les-religions-dans-l-enseignement-laique--9782130548621?lang=fr&redirect-ssocas=7080
999 _c2171916
_d2171916